| 000 | 02727nam0a22003731 4500 | ||
|---|---|---|---|
| 001 | v19\rc\1930513 | ||
| 005 | 20260406191311.0 | ||
| 035 | _a(NLR Aleph) 005266366 | ||
| 090 |
_a5953454 _c5953454 |
||
| 100 | _a20080404d1912 |||y0rusy50 ca | ||
| 101 | 0 | _arus | |
| 102 | _aRU | ||
| 105 | _aab z ||||| | ||
| 200 | 1 |
_aОзеро Ильмень и река Волхов, в связи с проектом шлюзования и использования энергии падения воды _fЕ.А. Палицын, инженер путей сообщения |
|
| 210 |
_aС.-Петербург _cТипография Министерства Путей Сообщения (Товарищества И.Н. Кушнерев и К°) _d1912 |
||
| 215 |
_aVIII, 370 с., [6] л. ил., цв. карт. _cил. _d26 |
||
| 225 | 1 |
_aМатериалы для описания русских рек и истории улучшения их судоходных условий _fИздание Управления внутренних водных путей и шоссейных дорог (по Отделу водяных сообщений) _vвып. 29 |
|
| 316 |
_aЭкз. РНБ на шифре Ир20 Б-7/1 (29)с экслибрисом Библиотеки Николая II: "Собственная Его Величества Библиотека: Зимний Дворец" и монограмма "Н II" _aВ конце кн. рукоп. помета: Кн. пост. N°547 4/VI 1912 г. Из Канц. М-ра пут. сообщ. _5NLR: Ир20 Б-7/1 (29) |
||
| 320 | _aБиблиогр.: с. V (9 назв.) | ||
| 607 |
_aИльмень, озеро (Северо-Запад Европейской части РФ) _91145395 _3RU\NLR\AUTH\66456496 |
||
| 607 |
_aВолхов, река (Северо-Запад Европейской части РФ) _xБассейн _xГидрология _91329500 _3RU\NLR\AUTH\66237858 |
||
| 686 | 1 | _aД226.9(2)Ильмень | |
| 686 | 1 | _aД225.9(2)Волхов | |
| 700 | 1 |
_aПалицын _bЕ. А. _f1875- _gЕвгений Александрович |
|
| 702 | 0 |
_4390 _8rus _7ca _aНиколай _cимператор российский _dII _f1868-1918 _3RU\NLR\AUTH\773750 _9113742 |
|
| 712 | 0 | 1 |
_4475 _aРоссия _bУправление внутренних водных путей и шоссейных дорог _bОтдел водяных и шоссейных сообщений _3RU\NLR\AUTH\889953428 _9402875 |
| 801 | 0 |
_aRU _bNLR _c20080404 _gpsbo |
|
| 801 | 0 |
_aRU _bRuMoRGB _c20080404 _2psbo |
|
| 801 | 1 |
_aRU _bProSoft-M _c20080404 _2rusmarc |
|
| 801 | 2 |
_aRU _bNLR _c20091118 _2rusmarc |
|
| 852 |
_aNLR _jИр20 Б-7/1 (29) |
||
| 942 | _cBOOK | ||
| 980 | _aNB | ||